Lassie come-home / (Record no. 209604)
[ view plain ]
| 000 -LEADER | |
|---|---|
| fixed length control field | 01320nam a2200337 a 4500 |
| 001 - CONTROL NUMBER | |
| control field | BK0003146134 |
| 003 - CONTROL NUMBER IDENTIFIER | |
| control field | AU |
| 005 - DATE AND TIME OF LATEST TRANSACTION | |
| control field | 20160523141039.0 |
| 008 - FIXED-LENGTH DATA ELEMENTS--GENERAL INFORMATION | |
| fixed length control field | 980923r19981995nyuab j 000 1 eng d |
| 010 ## - LIBRARY OF CONGRESS CONTROL NUMBER | |
| LC control number | BL 98010421 |
| 020 ## - INTERNATIONAL STANDARD BOOK NUMBER | |
| International Standard Book Number | 9780805059953 : PAP |
| Terms of availability | 9.99 |
| 020 ## - INTERNATIONAL STANDARD BOOK NUMBER | |
| International Standard Book Number | 0805059954 : PAP |
| Terms of availability | 9.99 |
| 037 ## - SOURCE OF ACQUISITION | |
| Source of stock number/acquisition | Feiwel & Friends, C/O Mps 16365 James Madison Hwy, Gordonsville, VA, USA, 22960, (646)3075339 |
| Note | SAN 631-5011 |
| 040 ## - CATALOGING SOURCE | |
| Original cataloging agency | NjSoBT |
| Transcribing agency | NjSoBT |
| 050 14 - LIBRARY OF CONGRESS CALL NUMBER | |
| Classification number | PZ10.3.W486 |
| Item number | Las 1998 |
| 082 04 - DEWEY DECIMAL CLASSIFICATION NUMBER | |
| Classification number | [Fic] |
| Edition number | 21 |
| 092 ## - LOCALLY ASSIGNED DEWEY CALL NUMBER (OCLC) | |
| Classification number | FIC |
| 100 1# - MAIN ENTRY--PERSONAL NAME | |
| Personal name | Wells, Rosemary. |
| 245 10 - TITLE STATEMENT | |
| Title | Lassie come-home / |
| Statement of responsibility, etc | written for young readers by Rosemary Wells ; illustrations by Susan Jeffers. |
| 260 ## - PUBLICATION, DISTRIBUTION, ETC. (IMPRINT) | |
| Place of publication, distribution, etc | New York, N.Y. : |
| Name of publisher, distributor, etc | H. Holt, |
| Date of publication, distribution, etc | 1998, c1995. |
| 300 ## - PHYSICAL DESCRIPTION | |
| Extent | 1 v. (unpaged) : |
| Other physical details | col. ill., col. map ; |
| Dimensions | 30 cm. |
| 490 0# - SERIES STATEMENT | |
| Series statement | An Owlet book. |
| 500 ## - GENERAL NOTE | |
| General note | Reprint. Originally published: c1995. |
| 500 ## - GENERAL NOTE | |
| General note | "Eric Knight's original 1938 classic." |
| 500 ## - GENERAL NOTE | |
| General note | "In a new picture-book edition." |
| 520 ## - SUMMARY, ETC. | |
| Summary, etc | Sold in financial desperation to a wealthy duke, a collie undertakes a 1000-mile journey in order to be reunited with her former master in Yorkshire. |
| 650 00 - SUBJECT ADDED ENTRY--TOPICAL TERM | |
| Topical term or geographic name as entry element | Dogs |
| General subdivision | Juvenile fiction. |
| 650 01 - SUBJECT ADDED ENTRY--TOPICAL TERM | |
| Topical term or geographic name as entry element | Dogs |
| General subdivision | Fiction. |
| 700 1# - ADDED ENTRY--PERSONAL NAME | |
| Personal name | Jeffers, Susan, |
| Relator term | ill. |
| 700 1# - ADDED ENTRY--PERSONAL NAME | |
| Personal name | Knight, Eric, |
| Dates associated with a name | 1897-1943. |
| Title of a work | Lassie come-home. |
| Withdrawn status | Lost status | Source of classification or shelving scheme | Damaged status | Not for loan | Collection code | Home library | Current library | Shelving location | Date acquired | Source of acquisition | Cost, normal purchase price | Total Checkouts | Total Renewals | Full call number | Barcode | Date last seen | Date checked out | Cost, replacement price | Price effective from | Koha item type |
|---|---|---|---|---|---|---|---|---|---|---|---|---|---|---|---|---|---|---|---|---|
| Dewey Decimal Classification | Junior NonFiction | Wasatch County Library | Wasatch County Library | Second Floor | 11/14/2018 | Donation | 16.95 | 11 | 8 | J 813 Wel | 34301001579566 | 02/11/2026 | 01/23/2026 | 16.95 | 03/20/2020 | BOOK |
